[Event "Africa-ch U16 Girls"]
[Site "Cairo"]
[Date "2017.12.07"]
[Round "7.1"]
[White "Kara, Zahra"]
[Black "Zayan, Alaa"]
[Result "1-0"]
[WhiteElo "1360"]
[BlackElo "1425"]
[PlyCount "35"]
[EventDate "2017.12.03"]
[EventType "tourn"]
[EventRounds "9"]
[EventCountry "EGY"]
[SourceTitle "EXT 2024"]
[Source "ChessBase"]
[SourceDate "2023.10.10"]
[SourceVersion "1"]
[SourceVersionDate "2023.10.10"]
[SourceQuality "1"]

1. e4 e5 2. Nf3 Nc6 3. Bb5 Nf6 4. 0-0 d6 5. d4 Bd7 6. Bxc6 Bxc6 7. d5 Bd7 8. Re1 Bg4 9. h3 Bh5 10. c4 Qd7 11. Nbd2 Be7 12. Nf1 h6 13. Ng3 Bg6 14. Nh4 Nxe4 15. Nxg6 Nxg3 16. Nxh8 Nf5 17. Nxf7 Kxf7 18. f4 1-0